000 01115nam a22003377a 4500
001 0042116
003 KOHA_MİRAKIL
005 20260207003301.0
007 ta
008 130730b2013 tu |||gr||||#||||0|tur |
020 _a9758599062
040 _aTR-BiSEU
_btur
_cTR-BiSEU
_erda
041 0 _atur
044 _ctu
050 _aTH441.I57
_bB39 2013
100 1 _aBaytop, Firuzan.
245 1 _aİnşaat uygulamalarında yanlışlar doğrular :
_bşantiyelerdeki yanlış ve doğru uygulamaların resimli anlatımı/
_cFiruzan Baytop ; Firuzan Baytop.
250 _a6. Baskı
264 1 _aİstanbul :
_bYapı-Endüstri Merkezi Yayınları
_c2013
300 _a155 sayfa ;
_cresimli ;
_c24 cm.
336 _ametin
_btxt
_2rdacontent
337 _aaracısız
_bn
_2rdamedia
338 _acilt
_bnc
_2rdacarrier
490 1 _aYapı-Endüstri Merkezi yayınları ;
_v73.
490 1 _a
650 0 _aBuildings failures.
_978232
650 0 _aConstruction industry--Safety measures.
_978233
830 1 _aYapı-Endüstri Merkezi yayınları ;
_v73.
_978234
830 1 _a
_91620
942 _2lcc
_cBK
999 _c41953
_d41953